000 01074nam a2200289 i 4500
001 106791
003 ES-MaACL
005 20230906184248.0
007 t|
008 061226s1972 sp a |||| |dspa d
080 _a75 Prassinos, Mario (083.82)
100 1 _aPrassinos, Mario.
_993655
245 1 0 _aPrassinos
_b: [exposición, Ateneo de Madrid, Sala de Exposiciones, Santa Catalina, 10, temporada 1971-1972] /
_c[texto, Jean-Louis Ferrier].
260 _aMadrid :
_bPublicaciones Españolas,
_c1972.
300 _a[34] p. :
_bil. col. y n. ;
_c21 x 21 cm.
490 1 _aSerie V ;
_v12 (en. 1972
600 1 4 _aPrassinos, Mario-
_vExposiciones.
_993656
610 2 7 _aAteneo de Madrid-
_vExposiciones-
_y1970-1979.
_91921
655 7 _2tgfbne
_9193628
_aCatálogos de exposiciones
700 1 _aFerrier, Jean-Louis.
_950572
710 2 _aAteneo de Madrid.
_bSala de Santa Catalina.
_91964
830 0 _aSerie V ;
_v12 (en. 1972
_9185314
852 _aES-MaACL
_j2211-F-34;
852 _aES-MaACL
_j2124-F-25
942 _2udc
999 _c106791
_d106791